Fish physiology
Đã lưu trong:
| 主要作者: | |
|---|---|
| 格式: | 图书 |
| 语言: | Undetermined |
| 出版: |
America
1988
|
| 主题: | |
| 标签: |
添加标签
没有标签, 成为第一个标记此记录!
|
| Thư viện lưu trữ: | Trung tâm Học liệu Trường Đại học Cần Thơ |
|---|
| LEADER | 00448nam a2200181Ia 4500 | ||
|---|---|---|---|
| 001 | CTU_38831 | ||
| 008 | 210402s9999 xx 000 0 und d | ||
| 082 | |a 597.01 | ||
| 082 | |b H679 | ||
| 100 | |a W S Hoar | ||
| 245 | 0 | |a Fish physiology | |
| 245 | 0 | |c W S Hoar, D J Randall | |
| 260 | |a America | ||
| 260 | |c 1988 | ||
| 650 | |a Fishes | ||
| 650 | |x Physiology | ||
| 904 | |i Thanh, 990526 | ||
| 980 | |a Trung tâm Học liệu Trường Đại học Cần Thơ | ||